| 000 | 01110pam a2200325 a 4500 | ||
|---|---|---|---|
| 001 | 706875 | ||
| 003 | OSt | ||
| 005 | 20140310182107.0 | ||
| 008 | 970108s1997 nyu b 000 0 eng | ||
| 010 | _a 97002028 | ||
| 020 | _a0321012186 (pb) | ||
| 040 |
_aDLC _cDLC _dDLC |
||
| 050 | 0 | 0 |
_aPE 1417 _b.P395 1998 |
| 082 | 0 | 0 |
_aHS 808.0427 _bD35 1998 |
| 245 | 0 | 0 |
_aDecker's patterns of exposition 15 / _c[edited by] Randall E. Decker, Robert A. Schwegler. |
| 246 | 3 | _aDecker's pattern of exposition fifteen | |
| 246 | 3 | 0 | _aPatterns of exposition 15 |
| 246 | 3 | _aPatterns of exposition fifteen | |
| 260 |
_aNew York : _bLongman, _cc1998. |
||
| 300 |
_a623 p. : _c21 cm. |
||
| 650 | 0 | 0 |
_aCollege readers. _91718 |
| 650 | 0 | 0 |
_aExposition (Rhetoric) _911243 |
| 650 | 0 | 0 |
_aEnglish language _xRhetoric. _913180 |
| 700 | 1 | _aDecker, Randall E. | |
| 700 | 1 |
_aSchwegler, Robert A. _913181 |
|
| 906 |
_a7 _bcbc _corignew _d1 _eocip _f19 _gy-gencatlg |
||
| 942 |
_2lcc _cHS |
||
| 999 |
_c9313 _d9313 |
||